02197nam a22003377a 4500003000900000008004100009040007100050082002400121110003600145245008800181260005300269300002900322440012300351505104100474650002301515650002101538650001501559650002401574650001901598650001601617650001901633700001901652700002301671700002701694700002001721700002201741700002001763700002401783700003101807700002101838AR-CdUCM190425b ||||| |||| 00| 0 spa d aMUNICIPALIDAD PROVINCIAL DEL CUSCOcBIBLIOTECA MUNICIPAL DEL CUSCO aRev.Andi/N°29/1997 aCentro Bartolomé de Las Casas aRevista andina /cCentro de estudios rurales andinos Bartolomé de Las Casas Cusco aCusco :bCentro Bartolomé de Las Casas,c1997. a272 páginas. :c23 cm. aPublicación Semestral del Centro Bartolomé de Las Casas Cusco.nAño 15, Número 29, N°1, primer semestre 1997. aContenido: Retos de la gestión ambiental en los Andes y la Amazonía. Annette Salis. -- Pobreza y manejo adecuado de los recursos en la Amazonía peruana. Antonio Brack Egg. -- Conflictos de distribución ecológica. Joan Martínez-Alier. -- Viveros y reforestación en comunidades campesinas un proceso de innovación tecnológica. Jorge Chávez. -- Los fondos ambientales nacionales como mecanismo financiero para la gestión ambiental capitalización y conversión de deuda, éxitos y debacles. Alejandro Camino D. C. -- La fonología del idioma mochica en los siglos XVI – XVII. Alfredo Torero. -- Marginalidad o relevancia de un factor de cambio lingüístico la transferencia por contacto. Aportaciones al tema desde el quechua santiagueño. Germán de Granda. -- El Diccionario quechua de los académicos cuestiones lexicográficas, normativas y etimológicas. Rodolfo Cerrón-Palomino. -- Sexo, pintura de los incas y Taqui Onqoy escenas de la vida cotidiana en el Cuzco del siglo XVI. Henrique Urbano. aRecursos naturales aAmazonia peruana aEcología aGestión ambiental aIdioma Mochica aTaqui onqoy aIdioma quechua aSalis, Annette aBrack Egg, Antonio aMartínez Alier, Joan aChávez, Jorge aCamino, Alejandro aTorero, Alfredo aDe Granda, Germán aCerrón Palomino, Rodolfo aUrbano, Henrique